| 000 | 00390nam a22001697a 4500 | ||
|---|---|---|---|
| 005 | 20160601101203.0 | ||
| 008 | 160601b xxu||||| |||| 00| 0 eng d | ||
| 020 | _a81-203-0903-0 | ||
| 041 | _aeng | ||
| 082 | _b6592 | ||
| 100 |
_aBank, John _91640 |
||
| 245 | _aTotal Quality Management | ||
| 260 |
_aNew Delhi _bPHI, _c2003 |
||
| 300 | _a196 | ||
| 650 |
_aManagement _9241 |
||
| 942 | _cBK | ||
| 999 |
_c2311 _d2310 |
||